<?xml version="1.0" encoding="UTF-8"?>
<collection xmlns="http://www.loc.gov/MARC21/slim">
<record>
  <controlfield tag="001">111449</controlfield>
  <controlfield tag="005">20220309093118.0</controlfield>
  <datafield tag="037" ind1=" " ind2=" ">
    <subfield code="a">TAZ-TFG-2020-731</subfield>
  </datafield>
  <datafield tag="041" ind1=" " ind2=" ">
    <subfield code="a">spa</subfield>
  </datafield>
  <datafield tag="100" ind1="1" ind2=" ">
    <subfield code="a">Hidalgo Iranzo, Noemí</subfield>
  </datafield>
  <datafield tag="242" ind1="0" ind2="0">
    <subfield code="a">Neurobiology of Tourette Syndrome and its relationship with Obsessive-Compulsive Disorder.</subfield>
  </datafield>
  <datafield tag="245" ind1="0" ind2="0">
    <subfield code="a">Neurobiología del Síndrome de Tourette y su relación con el Trastorno Obsesivo Compulsivo.</subfield>
  </datafield>
  <datafield tag="260" ind1=" " ind2=" ">
    <subfield code="a">Zaragoza</subfield>
    <subfield code="b">Universidad de Zaragoza</subfield>
    <subfield code="c">2020</subfield>
  </datafield>
  <datafield tag="506" ind1=" " ind2=" ">
    <subfield code="a">by-nc-sa</subfield>
    <subfield code="b">Creative Commons</subfield>
    <subfield code="c">3.0</subfield>
    <subfield code="u">http://creativecommons.org/licenses/by-nc-sa/3.0/</subfield>
  </datafield>
  <datafield tag="520" ind1=" " ind2=" ">
    <subfield code="a">El Síndrome de Tourette es un trastorno del neurodesarrollo caracterizado por la presencia de tics motores y fónicos de comienzo en la infancia que, con frecuencia se asocia a otros trastornos psiquiátricos como el TOC y el TDAH. Los estudios sobre la fisiopatología del ST y del TOC, han permitido vislumbrar alteraciones en las estructuras del circuito CETC. En concreto en algunos pacientes con ST  se hallan: cambios volumétricos del caudado, el putamen, el tálamo y distintas zonas de la corteza; alteraciones en el número de neuronas en el GPi, GPe y el caudado; y desórdenes en la actividad neuronal, que se encuentra aumentada en algunas zonas de la corteza motora y en la sustancia negra, y disminuida en el putamen, el globo pálido y el tálamo. Estos hallazgos permiten concluir que los tics se generan a través de las mismas vías que producen el movimiento normal y que son el resultado de una disregulación entre ellas. En su etiología, participan factores genéticos y ambientales. En los estudios genéticos se han encontrado alteraciones en genes implicados en regiones del circuito CETC y genes codificadores de neurotransmisores o de receptores de los mismos, siendo la dopamina el principal implicado en el ST y el glutamato en el TOC, hallazgos congruentes con la mejoría clínica tras el tratamiento con antagonistas de los mismos. Entre los factores ambientales cabe destacar la posible participación de mecanismos inmunológicos desencadenados por la infección por estreptococo beta hemolítico A, así como otros elementos que inciden durante  la vida pre y perinatal. A pesar de sus diferencias, los estudios revisados ponen de manifiesto conexiones claras entre ST y TOC tanto desde el punto de vista etiológico como fisiopatológico. La terapia se basa en medidas tanto de tipo no farmacológico, como farmacológico, cuando lo primero no es suficiente. Para casos extremos existen otras posibilidades, que en su mayoría no han sido suficientemente estudiadas, pero que abren una vía esperanzadora hacia el futuro, como son: la estimulación cerebral profunda, tanto para ST como para TOC y la estimulación magnética transcraneal. &lt;br />&lt;br /></subfield>
  </datafield>
  <datafield tag="521" ind1=" " ind2=" ">
    <subfield code="a">Graduado en Medicina</subfield>
  </datafield>
  <datafield tag="540" ind1=" " ind2=" ">
    <subfield code="a">Derechos regulados por licencia Creative Commons</subfield>
  </datafield>
  <datafield tag="700" ind1=" " ind2=" ">
    <subfield code="a">Santolaria Martínez, Lourdes</subfield>
    <subfield code="e">dir.</subfield>
  </datafield>
  <datafield tag="710" ind1="2" ind2=" ">
    <subfield code="a">Universidad de Zaragoza</subfield>
    <subfield code="b">Anatomía e Histología Humanas</subfield>
    <subfield code="c">Anatomía y Embriología Humana</subfield>
  </datafield>
  <datafield tag="856" ind1="0" ind2=" ">
    <subfield code="f">652881@unizar.es</subfield>
  </datafield>
  <datafield tag="856" ind1="4" ind2=" ">
    <subfield code="s">1455906</subfield>
    <subfield code="u">http://zaguan.unizar.es/record/111449/files/TAZ-TFG-2020-731.pdf</subfield>
    <subfield code="y">Memoria (spa)</subfield>
  </datafield>
  <datafield tag="856" ind1="4" ind2=" ">
    <subfield code="s">384125</subfield>
    <subfield code="u">http://zaguan.unizar.es/record/111449/files/TAZ-TFG-2020-731_ANE.pdf</subfield>
    <subfield code="y">Anexos (spa)</subfield>
  </datafield>
  <datafield tag="909" ind1="C" ind2="O">
    <subfield code="o">oai:zaguan.unizar.es:111449</subfield>
    <subfield code="p">driver</subfield>
    <subfield code="p">trabajos-fin-grado</subfield>
  </datafield>
  <datafield tag="950" ind1=" " ind2=" ">
    <subfield code="a"></subfield>
  </datafield>
  <datafield tag="980" ind1=" " ind2=" ">
    <subfield code="a">TAZ</subfield>
    <subfield code="b">TFG</subfield>
    <subfield code="c">MED</subfield>
  </datafield>
  <datafield tag="999" ind1=" " ind2=" ">
    <subfield code="a">20200527100138.CREATION_DATE</subfield>
  </datafield>
  <datafield tag="951" ind1=" " ind2=" ">
    <subfield code="a">deposita:2022-03-09</subfield>
  </datafield>
</record>
</collection>